Países Reconhecidos, Não Reconhecidos, e Territórios por continente - Statistics

Estatísticas Gerais
  • Esse quiz foi jogado 669 vezes
  • A pontuação média é 186 de 247
Respostas no mapa
Respostas codificadas por cores de uma escala verde-vermelha no mapa do quiz de acordo com a % correta abaixo.
 
Estatísticas das Respostas
País % Correto
Canadá
91%
Estados Unidos
90%
México
90%
Argentina
89%
Guiana
89%
Bolívia
88%
Brasil
88%
Chile
88%
Colômbia
88%
Groelândia
88%
Guiana Francesa
88%
Paraguai
88%
Peru
88%
Venezuela
88%
Austrália
87%
Cuba
87%
El Salvador
87%
Equador
87%
Haiti
87%
Suriname
87%
Uruguai
87%
Costa Rica
86%
Países Baixos
86%
Panamá
86%
Rússia
86%
Belize
85%
Espanha
85%
França
85%
Irlanda
85%
Islândia
85%
Itália
85%
Jamaica
85%
Nicarágua
85%
Portugal
85%
Alemanha
84%
Bahamas
84%
Bélgica
84%
China
84%
Chipre
84%
Guatemala
84%
Honduras
84%
Nova Zelândia
84%
Polônia
84%
Reino Unido
84%
Suécia
84%
Turquia
84%
Ucrânia
84%
Áustria
83%
Finlândia
83%
Grécia
83%
Índia
83%
Lituânia
83%
República Dominicana
83%
África do Sul
82%
Albânia
82%
Andorra
82%
Antígua e Barbuda
82%
Bielorrússia
82%
Bósnia e Herzegovina
82%
Butão
82%
Cazaquistão
82%
Coreia do Norte
82%
Coreia do Sul
82%
Croácia
82%
Dinamarca
82%
Eslováquia
82%
Eslovénia
82%
Estônia
82%
Irão
82%
Iraque
82%
Israel
82%
Letónia
82%
Luxemburgo
82%
Mongólia
82%
Noruega
82%
Omã
82%
Romênia
82%
Santa Lúcia
82%
Síria
82%
Suíça
82%
Afeganistão
81%
Arábia Saudita
81%
Azerbaijão
81%
Bangladesh
81%
Barbados
81%
Egito
81%
Estados Federados da Micronésia
81%
Filipinas
81%
Geórgia
81%
Iémen
81%
Ilhas Falkland
81%
Indonésia
81%
Maldivas
81%
Nepal
81%
Papua Nova Guiné
81%
Paquistão
81%
Sérvia
81%
Sri Lanka
81%
Uzbequistão
81%
Argélia
80%
Granada
80%
Japão
80%
Jordânia
80%
Kiribati
80%
Kosovo
80%
Laos
80%
Madagáscar
80%
Malta
80%
Porto Rico
80%
República Democrática do Congo
80%
República do Congo
80%
República Checa
80%
Tailândia
80%
Taiwan
80%
Trinidad e Tobago
80%
Vietname
80%
Angola
79%
Bulgária
79%
Catar
79%
Emirados Árabes Unidos
79%
Fiji
79%
Hungria
79%
Macedónia do Norte
79%
Marrocos
79%
Montenegro
79%
Palestina
79%
Quirguistão
79%
Turquemenistão
79%
Uganda
79%
Armênia
78%
Bermudas
78%
Birmânia
78%
Botswana
78%
Cabo Verde
78%
Camboja
78%
Etiópia
78%
Gana
78%
Ilhas Marshall
78%
Líbano
78%
Malásia
78%
Moldávia
78%
Níger
78%
Nigéria
78%
Palau
78%
Samoa
78%
Samoa Americana
78%
São Cristóvão e Nevis
78%
São Vicente e Granadinas
78%
Senegal
78%
Somália
78%
Tajiquistão
78%
Tunísia
78%
Vaticano
78%
Zimbábue
78%
Bahrein
77%
Benim
77%
Camarões
77%
Costa do Marfim
77%
Dominica
77%
Eritreia
77%
Líbia
77%
Moçambique
77%
San Marino
77%
Sudão
77%
Tuvalu
77%
Zâmbia
77%
Comores
76%
Gabão
76%
Guiné
76%
Ilhas Salomão
76%
Liechtenstein
76%
Mali
76%
Maurícia
76%
Mônaco
76%
Namíbia
76%
Nauru
76%
Quênia
76%
República Centro-Africana
76%
Serra Leoa
76%
Seychelles
76%
Singapura
76%
Sudão do Sul
76%
Tanzânia
76%
Vanuatu
76%
Brunei
75%
Essuatíni
75%
Guiné-Bissau
75%
Kuweit
75%
Libéria
75%
Malawi
75%
Mauritânia
75%
Burkina Faso
74%
Chade
74%
Guiné Equatorial
74%
Ruanda
74%
São Tomé e Príncipe
74%
Togo
74%
Tonga
74%
Ilhas Virgens Americanas
73%
Ilhas Virgens Britânicas
73%
Lesoto
73%
Burundi
72%
Djibouti
72%
Gâmbia
72%
Timor-Leste
72%
Hong Kong
68%
Polinésia Francesa
68%
Saara Ocidental
68%
Chipre do Norte
65%
Toquelau
64%
Curaçao
62%
Reunião
62%
Ilhas Feroe
61%
Santa Helena, Ascensão, e Tristão da Cunha
60%
Somalilândia
60%
Ilhas Cayman
59%
Ilhas Cook
59%
Guam
56%
Guadalupe
55%
Ilha Christmas
55%
Macau
55%
Gibraltar
53%
Ilhas Marianas do Norte
53%
Aruba
52%
Nova Caledônia
52%
Abecásia
51%
Ilha de Man
50%
São Martinho (França)
50%
São Martinho (Países Baixos)
50%
Anguilla
49%
Ilhas Turcas e Caicos
48%
Ilhas Cocos (Keeling)
46%
Países Baixos Caribenhos
46%
Mayotte
45%
Transnistria
45%
Guernsey
44%
Niue
44%
Jersey
43%
Montserrat
42%
Ossétia do Sul
42%
São Bartolomeu
42%
Svalbard e Jan Mayen
42%
Martinica
40%
Ilha Norfolk
38%
Wallis e Futuna
38%
Ilhas Pitcairn
36%
Saint-Pierre e Miquelon
35%
Nenhum quiz correspondente encontrado
Distribuição das Pontuações
Porcentagem de Pessoas com Cada Pontuação
Percentil de Números Respondidos
Sua Pontuação Histórica
Você não jogou esse quiz